Tratado sobre la imposicin̤ directa

Detalles Bibliográficos
Autor principal: Berch ̌Moreno, Eduardo
Formato: eBook
Lenguaje:español
Publicado: Barcelona: ESADE-URL, 2013
Materias:
Acceso en línea:Acceso restringido

MARC

LEADER 00000nam a22000007a 4500
005 20180104191329.0
007 cr|||| ||||
008 180104s2013 sp |||||s|||| 00||0 spa d
020 |a 978-84-941304-8-9 
035 |a 11721 
040 |a vLex 
090 |c 7368  |d 7368 
100 1 |a Berch ̌Moreno, Eduardo 
245 1 0 |a Tratado sobre la imposicin̤ directa  |h [Recurso electrn̤ico] /  |c Eduardo Berch ̌Moreno 
256 |a Servicio en ln̕ea 
260 |a Barcelona:  |b ESADE-URL,  |c 2013 
300 |a 1 recurso electrn̤ico 
506 1 |a Disponible solo en los productos indicados  |d vLex Global  |d vLex Global (Academic Edition, excluding Law Schools)  |d vLex Global (U.S. Academic Edition, Law Schools)  |d vLex Global (U.S. Academic Edition, excluding Law Schools)  |d vLex Global (Academic Edition, Law Schools) 
650 0 4 |a Imposicin̤ directa  |z Espaą 
740 0 |a vLex Libros (Servicio en ln̕ea) 
856 4 0 |u http://vlex.com/source/representacion-parlamentaria-un-recorrido-historico-por-la-teoria-politica-11721  |z Acceso restringido 
942 |c BOOK 
999 0 |a Direct tax